[Event "IECG CN.2002.0.00276 email"]
[Site "IECG email"]
[Date "2002.01.16"]
[Round "?"]
[White "Arauz, Christopher"]
[Black "Silvestris, Felis"]
[Result "0-1"]
[WhiteElo "455"]
[BlackElo "800"]
[PlyCount "64"]
[EventDate "2002.01.16"]
[EventType "tourn (corr)"]
[EventRounds "6"]
[SourceTitle "Corr 2008"]
[Source "ChessBase"]
[SourceDate "2008.06.24"]
[SourceVersion "1"]
[SourceVersionDate "2008.06.24"]
[SourceQuality "1"]

1. e4 c5 2. Nf3 d6 3. d4 cxd4 4. Nxd4 Nf6 5. Nc3 g6 6. Be2 Bg7 7. 0-0 Nc6 8. Be3 0-0 9. Nf3 Qc7 10. Bf4 e5 11. Bg5 Be6 12. Qd2 Rad8 13. Nd5 Bxd5 14. exd5 Ne7 15. c4 Nf5 16. Rac1 Rc8 17. b3 Ne4 18. Qc2 Nxg5 19. Nxg5 Bh6 20. Rce1 Bxg5 21. Bg4 Nd4 22. Qd3 f5 23. Bh3 Qa5 24. a4 Qb4 25. Rb1 Bf6 26. f3 Rce8 27. Rf2 e4 28. fxe4 Rxe4 29. Qd2 Qxd2 30. Rxd2 Ne2+ 31. Kf2 Bd4+ 32. Kf3 Ng1+ 0-1